Tokoh lelaki Melayu klasik

Bibliographic Details
Main Author: Ayuni Amir
Corporate Author: Title
Format: Book
Published: Selangor : Pustaka Cahaya Intelek , 2005
Series:Apa disebalik nama?
Subjects:

MARC

LEADER 00000cam a2200000 7i4500
001 0000004770
005 20151222.0
008 070731
020 |a 9833065503(set) 
020 |a 9833065511 
090 0 0 |a JF   |b HIST MAL (5602) 
100 0 |a Ayuni Amir 
245 1 0 |a Tokoh lelaki Melayu klasik   |c Ayuni Amir 
260 |a Selangor :   |b Pustaka Cahaya Intelek ,   |c 2005 
440 0 |a Apa disebalik nama? 
500 |a Children ages 7-9 years old (orange) 
650 0 |a History 
650 0 |a Junior fiction   |x Malay   |x Languages 
710 0 |a Title 
999 |a 0000978584   |b Book   |c Children Collection   |e Cawangan Pontian 
999 |a 0000978585   |b Book   |c Children Collection   |e Perbadanan Perpustakaan Awam Johor 
999 |a 0000978586   |b Book   |c Children Collection   |e Perbadanan Perpustakaan Awam Johor 
999 |a 0000978587   |b Book   |c Children Collection   |e Perbadanan Perpustakaan Awam Johor